| 000 | 00977cam a22002294a 4500 | ||
|---|---|---|---|
| 005 | 20250605164015.0 | ||
| 008 | 250528s ||||||||||||||||||||||||d | ||
| 035 | _a16146 | ||
| 020 | _a199286701 | ||
| 040 |
_aGR-AtMCL _bgre _dGR-AtMCL _eAACR2 |
||
| 245 | 1 | _aBasic Vision / An Introduction to Visual Perception | |
| 250 | _a1st | ||
| 260 |
_bOxford University Press, _c2006 |
||
| 300 | _a388 | ||
| 520 | _aThe book leads the reader step-by-step through the intricacies of visual processing. Figure Acknowledgements, A Trailer to the Book, The First Steps in Seeing, Signaling Changes, To the Cortex, Spatial Vision, Color Vision, The Perception of Motion, The Third Dimension, The Development of Vision, Attention and Neglect, The Perception of Faces, Vision and Action, How we Know it Might Be So, Index. | ||
| 700 | 1 |
_aSnowden Robert _92186 |
|
| 700 | 1 |
_aThomson Peter _92187 |
|
| 700 | 1 |
_aTroscianco Tom _92188 |
|
| 942 | _cBK | ||
| 999 |
_c1682 _d1682 |
||